000 00489nam a2200181Ia 4500
005 20250326143737.0
008 250326s9999 xx 000 0 und d
037 _aTextbook
040 _aFMSL
_beng
_cFMSL
041 _aeng
_2eng
084 _aL:4:6obZ P3
_qFMSL
100 _aMiller F H
_9748473
245 0 _aRights and resources
_cMiller F H
260 _aEngland
_bEngland, Ashgate
_c2003
300 _a597p
942 _cTB
_hL:4:6obZ P3
999 _c1300833
_d1300833